Qualitative data analysis with ATLAS.ti
Guardat en:
| Autor principal: | |
|---|---|
| Format: | Llibre |
| Idioma: | anglès |
| Publicat: |
Los Angeles
Sage
2014
|
| Edició: | 2a. ed |
| Matèries: | |
| Etiquetes: |
Afegir etiqueta
Sense etiquetes, Sigues el primer a etiquetar aquest registre!
|
MARC
| LEADER | 00000cam a2200000 a 4500 | ||
|---|---|---|---|
| 001 | UCC0971 | ||
| 003 | CL-VaPUC | ||
| 008 | 170915e20140000us |||||||||||||||||eng|d | ||
| 020 | |a 9781446282038 | ||
| 020 | |a 9781446282045 | ||
| 082 | 0 | 4 | |a 300.72 |b FRI |2 21 |
| 100 | 0 | |a Friese, Susanne |e author |9 594940 | |
| 245 | 1 | 0 | |a Qualitative data analysis with ATLAS.ti |
| 250 | |a 2a. ed | ||
| 300 | |a 279 p | ||
| 942 | |c BK | ||
| 945 | |d 20170915 11:20:00 |a arojas | ||
| 260 | |a Los Angeles |b Sage |c 2014 | ||
| 650 | 0 | |a Análisis de datos |9 269871 | |
| 650 | 0 | |a Proceso de datos |9 259776 | |
| 650 | 0 | |a Investigación cualitativa |9 389535 | |
| 650 | 0 | |a Investigación social |9 307814 | |
| 583 | |a last modification |c 20170915 11:20:00 |k Rodrigo Vera | ||
| 999 | |c 369585 |d 369583 | ||
| 952 | |0 0 |1 0 |3 erb |4 0 |6 300_720000000000000_FRI_2014 |7 0 |8 A |9 485505 |a BIBING |b BIBING |i 5424356 |o 300.72 FRI 2014 |p 5424356 |r 2025-01-20 |w 2019-11-24 |y BK |z Catalogado en:20170915 |k GEO | ||
| 952 | |0 0 |1 0 |3 erb |4 0 |6 300_720000000000000_FRI_2014 |7 0 |8 A |9 485506 |a BIBING |b BIBING |i 5424364 |o 300.72 FRI 2014 |p 5424364 |r 2025-01-20 |w 2019-11-24 |y BK |z Catalogado en:20170915 |k GEO | ||